Những điều cần biết về quyền thừa kế

Shranjeno v:
Bibliografske podrobnosti
Glavni avtor: Nguyễn Ngọc Điệp
Format: Knjiga
Jezik:Undetermined
Izdano: Hà Nội Phụ Nữ 2001
Teme:
Oznake: Označite
Brez oznak, prvi označite!
Thư viện lưu trữ: Trung tâm Học liệu Trường Đại học Cần Thơ
LEADER 00571nam a2200169Ia 4500
001 CTU_44115
008 210402s9999 xx 000 0 und d
082 |a 346.59705 
082 |b Đ307/2001 
100 |a Nguyễn Ngọc Điệp 
245 0 |a Những điều cần biết về quyền thừa kế 
245 0 |c Nguyễn Ngọc Điệp 
260 |a Hà Nội 
260 |b Phụ Nữ 
260 |c 2001 
650 |a civil law - vietnam,inheritance and succession,right of property 
980 |a Trung tâm Học liệu Trường Đại học Cần Thơ